000 00556nam a2200193Ia 4500
005 20260429112302.0
008 260429s9999||||xx |||||||||||||| ||und||
020 _a9781666867428
041 _aEnglish
082 _a579
_bLAM
100 _aLambert, Christopher 
245 0 _aManual of freshwater microbiology /
_cChristopher Lambert
260 _aWilmington :
_bAmerican Academic Publisher,
_c2024.
300 _axvi, 321 p.; hb
650 _a Aquatic microbiology
650 _a Water science
650 _aFreshwater microbiology
942 _cTB
999 _c53312
_d53312